Gaming Quiz

Random Gaming or War Quiz

LEGO Star Wars: The Complete Saga Characters Quiz Stats

 Plays Quiz not verified by Sporcle

Challenge
Share
Tweet
Embed
Score 0/114 Timer 20:00
0 Plays Today
Weapon Character % Correct
Blue Lightsaber and Force???
96.2%
Lightsaber, Force, Jedi Mind Trick???
95.4%
Blue Lightsaber and Force???
94.7%
Blue Lightsaber and Force???
94.7%
Green Lightsaber, Force, Jedi Mind Trick, Force Choke???
94.7%
Blaster and punch???
93.9%
Blaster and punch???
93.9%
Blaster and punch???
93.9%
Blue lightsaber, Force, Jedi Mind Trick, Force Choke???
93.9%
Blue Lightsaber, Jedi Mind Trick, Force, Force Choke???
93.9%
Green Lightsaber, Force, Force Choke, Jedi Mind Trick???
93.9%
Pistol and punch???
93.1%
Pistol and punch???
92.4%
Blaster and punch???
92.4%
Pistol and punch???
92.4%
Pistol and punch???
92.4%
Pistol and punch???
92.4%
Blaster and slaps face???
91.6%
Crawls into small spaces???
90.8%
Blue and Green Lightsaber and Force???
90.8%
Blue Lightsaber and Force???
90.8%
Blaster and slaps face???
90.8%
Blaster and slaps face???
90.8%
Blaster, Thermal Detonator, Bounty Hunter Access, slaps face???
90.8%
Blaster and slaps face???
90.8%
Blaster and slaps face???
90.8%
Blue Lightsaber, Force, Jedi Mind Trick, Indestructible???
90.8%
Blaster and slaps face???
90.8%
Droid Stunner, Astromech Access, Jet Boosters, Shocks Stormtroopers???
90.1%
Green Lightsaber and Force???
89.3%
Purple Lightsaber and Force???
89.3%
Green Lightsaber, Indestructable, Jedi Mind Trick, Force???
89.3%
Royal Pistol???
88.5%
Purple Lightsaber and Force???
88.5%
Red lightsaber, Force, Force Choke, hangs Stormtroopers by leg, Sith Mind Trick, and Imperial Access???
88.5%
Bowcaster, pulls arms apart, punch???
87%
Green Lightsaber and Force???
86.3%
Blue Lightsaber, Force, Jedi Mind Trick, Indestructible???
84%
Weapon Character % Correct
Super Jump???
83.2%
Blaster???
83.2%
Protocol Access???
83.2%
Blaster???
83.2%
Blaster???
83.2%
Crawls into small spaces???
82.4%
Red Lightsaber, Force Lightning, Force, Imperial Access???
82.4%
Blaster Rifle, Jet Pack, Bounty Hunter Access, Thermal Detonator, Homing Missle, punch, kick???
82.4%
Two Blaster Pistols, punch, Jet Pack, Thermal Detonator???
79.4%
Red Doubled-Bladed Lightsaber and Force???
78.6%
Red Lightsaber, Force Lightning, Force???
74.8%
Blaster???
73.3%
Blaster and Kung-Fu???
73.3%
Blaster and Kung-Fu???
73.3%
Blaster and Imperial Access???
73.3%
Two Blue Lightsabers, Two Green Lightsabers, Super Jump???
71%
Slingshot and crawls through small spaces???
69.5%
Blaster???
68.7%
Blaster???
68.7%
Blaster and Walkie-Talkie???
68.7%
Blaster???
68.7%
Royal Pistol???
67.2%
Indestructible???
66.4%
None???
66.4%
Arm Blaster???
65.6%
Droid Stunner, Shocks Stormtroopers, Jet Boosters, Astromech Access???
64.9%
None???
64.9%
Bowcaster, pulls arms apart, punch???
64.1%
Blaster???
62.6%
Slingshot and Crawls into Small Spaces???
62.6%
Blue Lightsaber and Force???
61.1%
Green Lightsaber and Force???
61.1%
Protocol Access???
58%
Blaster???
57.3%
Blaster, Thermal Detonator, Protocol Access, Bounty Hunter Access, Astromech Access, punch, kick, detaches head and uses as a club???
55%
Blaster, Bounty Hunter Access, Thermal Detonator, punch???
55%
Blue Lightsaber and Force???
51.9%
Blaster, punch, Bounty Hunter Access, Thermal Detonator???
51.1%
Weapon Character % Correct
Ion Blaster and crawls through small spaces???
50.4%
Two Twin Arm Blasters and Shield???
49.6%
Force Pike and Imperial Access???
49.6%
Axe???
48.9%
Electrostaff and Super Jump???
47.3%
Blaster, Thermal Detonator, Bounty Hunter Access, punch???
45.8%
Blaster Pistol, punch, Imperial Access???
45.8%
Green Lightsaber and Force???
45%
Blaster and punch???
45%
Blaster Rifle and punch???
45%
Blaster and Imperial Access???
44.3%
Blaster and punch???
42.7%
Sonic Blaster and Regular Blaster???
39.7%
Blaster Rifle, Spin Attack, punch, Bounty Hunter Access, Astromech Access, Protocol Access, Thermal Detonator???
39.7%
Blaster???
38.9%
Blaster???
38.9%
Blaster???
38.9%
Blaster???
38.9%
Blaster???
38.9%
Walkie-Talkie???
38.9%
Blaster and punch???
38.2%
Blaster and Imperial Access???
37.4%
Blaster and punch???
37.4%
Blaster???
36.6%
Blaster and punch???
36.6%
Blaster Rifle and uses Blaster Rifle as sword???
35.9%
Blaster and punch???
35.1%
Blaster and Imperial Access???
33.6%
Blaster Pistol, Imperial Access, punch???
32.1%
Punch and Headbutt???
32.1%
Blaster, Imperial Access, Punch???
32.1%
Blaster and punch???
31.3%
Blaster and Imperial Access???
30.5%
Blaster and Imperial Access???
29.8%
Punch, kick, Bounty Hunter Access???
29.8%
Blaster Pistol and punch???
29.8%
Stun Blaster, Crawls into Small Spaces???
26%
Droid Stunner, Astromech Access, Jet Boosters, Shocks Stormtroopers???
18.3%

You're not logged in!

Compare scores with friends on all Sporcle quizzes.
Join for Free
OR
Log In

You Might Also Like...

Show Comments

Extras

Created Oct 31, 2016ReportNominate
Tags:War Quiz, character, complete, lego, saga, star

Top Quizzes Today


Score Distribution

Your Account Isn't Verified!

In order to create a playlist on Sporcle, you need to verify the email address you used during registration. Go to your Sporcle Settings to finish the process.

Report this User

Report this user for behavior that violates our Community Guidelines.

Details: